Ultimate Country Flag Challenge 6 - Statistics

General Stats
  • This quiz has been taken 40 times
  • The average score is 17 of 20
Answer Stats
Picture Answer % Correct
Ivory Coast
100%
Andorra
96%
Liechtenstein
96%
Bulgaria
93%
Antigua and Barbuda
89%
Laos
89%
Montenegro
89%
Paraguay
89%
Central African Rep.
86%
Ghana
86%
Marshall Islands
86%
Zimbabwe
86%
Libya
82%
Myanmar
82%
Algeria
79%
Guyana
79%
Moldova
79%
Namibia
79%
Comoros
75%
Eritrea
71%
No matching quizzes found
Score Distribution
Percent of People with Each Score
Percentile by Number Answered
Your Score History
You have not taken this quiz